Constitutional and administrative law /
This comprehensive book considers successively: general principles of constitutional law; the institutions of government; the citizen and the state; administrative law
Salvato in:
| Autore principale: | |
|---|---|
| Altri autori: | , , |
| Natura: | Libro |
| Pubblicazione: |
New York :
Longman,
1993.
|
| Edizione: | 11th ed. / |
| Soggetti: | |
| Tags: |
Aggiungi Tag
Nessun Tag, puoi essere il primo ad aggiungerne!!
|
MARC
| LEADER | 00000cam a2200000 a 4500 | ||
|---|---|---|---|
| 020 | |a 9780582082397 |c TZS 72,250.87 | ||
| 040 | |a MUL |b eng. |e AACR | ||
| 082 | 0 | 0 | |a 342.41 WAD |
| 100 | 1 | |a Wade, E. C. S. | |
| 245 | 1 | 0 | |a Constitutional and administrative law / |c E.C.S. Wade and A.W. Bradley. |
| 250 | |a 11th ed. / |b by A.W. Bradley and K.D. Ewing ; with T. St. J.N. Bates. | ||
| 260 | |a New York : |b Longman, |c 1993. | ||
| 300 | |a xlix, 782 p. ; |c 24 cm. | ||
| 504 | |a Includes bibliographical references (p. [759]-767) and index. | ||
| 505 | |a Part 1 General principles of constitutional law: definition and scope of constitutional law; sources and nature of the constitution; the structure of the United Kingdom; the relationship between legislature, executive and judiciary; parliamentary supremacy; the rule of law; responsible government; the United Kingdom and the European communities. Part 2 The institutions of government: composition and meeting of Parliament; functions of Parliament; privileges of Parliament; the Crown and the prerogative; the cabinet, government departments and the civil service; public corporations, non-governmental agencies and advisory bodies; foreign affairs and the Commonwealth; the armed forces; public finance, taxation and the economy; the courts and the machinery of justice. Part 3 The citizen and the state: the nature and protection of civil liberties; citizenship, immigration and extradition; the police and personal liberty; freedom of expression; freedom of assembly and association; state security and official secrets; emergency powers. Part 4 Administrative law: nature and development of administrative law; delegated legislation; administrative action; liability of public authorities and the crown. | ||
| 520 | |a This comprehensive book considers successively: general principles of constitutional law; the institutions of government; the citizen and the state; administrative law | ||
| 546 | |a eng. | ||
| 650 | 0 | |a Constitutional law |z Great Britain. | |
| 650 | 0 | |a Administrative law |z Great Britain. | |
| 700 | 1 | |a Bradley, A. W. | |
| 700 | 1 | |a Ewing, K. D. | |
| 700 | 1 | |a Bates, T. St. J. N. | |
| 942 | |c BK | ||
| 999 | |c 2112 |d 2112 | ||